004050000a22001090004500090001700000245008800017041001400105100003200119942001300151773011400164999001700278 aASbSeriadas10aBiodiversidad de anfibios y reptiles en el páramo: una visión eco-fisiológica0 aEspañol1 aNavas, Carlos Arturo999159 cARTICULO1 tRevista de la Academia Colombiana de Ciencias Exactas, Fisicas y Naturales332hSupl. Esp.q465-474d1999g23 c14237d14237